| 000 | 00416nam a2200169Ia 4500 | ||
|---|---|---|---|
| 003 | GCL | ||
| 008 | 140319s9999 xx 000 0 eng d | ||
| 040 |
_aGCL / _cGCL |
||
| 082 | 0 | 4 |
_a296.8 _bP G |
| 100 | 1 | _aPEARSON, HENRY F. | |
| 245 | 1 | 0 |
_aA GUIDE TO THE SYNAGOGUE OF DOURA EUROPOS / _cPEARSON, HENRY F. |
| 300 | _a46 P | ||
| 650 | 0 | 4 | _aJEWS - EUROPE |
| 650 | 0 | 4 | _aJEWS |
| 650 | 0 | 4 | _aSYNAGOGUES |
| 942 |
_2ddc _cBK |
||
| 999 |
_c12587 _d12587 |
||